Fußball-Europameisterschaft Städte 2016 - Statistiken

Allgemein
  • Dieses Quiz wurde 62 mal gespielt
  • Das Durchschnittsergebnis liegt bei 7 aus 10
Antwortstatistiken
Bildquiz Antwort % Korrekt
Paris
100%
Marseille
97%
Décines-Charpieu (Lyon)
95%
Bordeaux
82%
Nizza
80%
Villeneuve-d’Ascq (Lille)
72%
Toulouse
59%
Lens
48%
Saint-Étienne
43%
Saint-Denis
16%
Keine übereinstimmenden Quizze gefunden
Verteilung der Resultate
Anzahl Personen mit jedem Resultat
Perzentil nach korrekt beantworteten Fragen
Ihre Resultats-Entwicklung
Sie haben dieses Quiz noch nicht gespielt